000 04067ncm0a2200433 4500
001 RU\NLR\ONIZ\227794
005 20250623232207.0
010 _a978-5-907038-07-3
010 _a979-0-9003218-4-8
021 _aRU
_b18-000357
_918-28
035 _aRU\NLR\ONIZ\natafirs\5000003183\20200217153752
035 _a(NLR Aleph) 012226682
090 _a10962817
_c10962817
100 _a20200217d2018 |||y0rusy50 ca
101 0 _arus
102 _aRU
125 _aay
145 0 _ac
200 1 _aХрестоматия по хоровому классу
_bНоты
_eдля музыкальных вузов по направлению подготовки 53.03.06 "Музыкознание и музыкально-прикладное искусство" профиль подготовки - "Музыкальная педагогика" и учебных заведений среднего профессионального образования по специальности 53.02.06 "Хоровое дирижирование"
_fавт.-сост. О. Е. Мишина, П. А. Савинков
208 _aХоровая партитура
210 _aМосква
_cООО "Издательство "Согласие"
_d2018
215 _a104 с.
_d29 см
313 _aСистематизация документа проведена по изданию - Методика классифицирования музыкальных произведений (нотных изданий) по таблицам Библиотечно-библиографических классификаций : метод. рекомендации / Гос. б-ка СССР им. В.И. Ленина.- М., 1977. Индексу ББК методических рекомендаций присваивается код ББК для научных библиотек - LBC/SL
327 1 _a1. Две акварели на стихи И. Бунина (Весна, Ясным утром) / А. Ларин. 2. Ноктюрн / Й. Мысливечек. 3. Terzetto "Die Engel" / Ф. Мендельсон-Бартольди. 4. Panis angelicus / С. Франк ; переложение для трехголосного хора Д. Султановой. 5. Хор из 1-й сцены оперы "Олаф Трюгвасон" / Э. Григ ; переложение для трехголосного хора С. Доколиной. 6. Трехголосная Литургия Св. Иоанна Златоустого (№ 1. Слава...Единородный Сыне, № 2. Херувимская песнь) / Д. Бортнянский. 7. "Mi lagnero tacendo" (nocturno KV 437) / В. Моцарт. 8. Ave Maria / А. Палао Редондо. 9. Capricciata e contrappunto / А. Банкьери. 10. Русская народная песня "Таня-Танюша" / в обработке А. Миронова. 11. Белорусская народная песня "Туман арам" / в обработке А. Саврицкого. 12. "Stabat Mater" / Е. Устинсковс. 13. Поэма-ноктюрн (часть 1) / А. Соколов. 14. Есть в осени первоначальной / П. Савинков. 15. "Agnus Dei" : из Messe g-moll / М. Ваган. 16. "Propecatis" : из мистерии "Stabat Mater" / Ли Отта
606 1 _aХрестоматия по хоровому классу
_yРоссия
_z21 век
_2nlr_sh
686 _aЩ941.93
_vLBC/SL
_2rubbk
702 1 _9z01790
_aМишина
_bО. Е.
_4070
_4220
_7ca
702 1 _9z02790
_aСавинков
_bП. А.
_4070
_4220
_7ca
790 1 _9z01702
_aMišina
_bO. E.
_4070
_4220
_7ba
790 1 _9z02702
_aSavinkov
_bP. A.
_4070
_4220
_7ba
801 0 _aRU
_bNLR
_c20200217
_gPSBO
801 1 _aRU
_bNLR
_c20200217
_2rusmarc
801 2 _aRU
_bNLR
_c20200217
852 _aNLR
_bМ
_j3/11922
_pМОЭ 2018-НО-П-28/357
_t1
852 _aNLR
_bМ
_j3/11922а
_pМОЭ 2018-НО-П-28/357а
_t2
942 _cSCORE
980 _aNB
980 _aONIZ